|
|
|
|
| LEADER |
01509cas a2200253 a 4500 |
| 001 |
AALejournalIMF007164 |
| 008 |
230101c9999 xx r poo 0 0eng d |
| 020 |
|
|
|c 5.00 USD
|
| 020 |
|
|
|z 9781455260386
|
| 022 |
|
|
|a 1018-5941
|
| 040 |
|
|
|a BD-DhAAL
|c BD-DhAAL
|
| 100 |
1 |
|
|a Roger, Scott.
|
| 245 |
1 |
0 |
|a Macroeconomic Costs of Higher Bank Capital and Liquidity Requirements /
|c Scott Roger, Jan Vlcek.
|
| 264 |
|
1 |
|a Washington, D.C. :
|b International Monetary Fund,
|c 2011.
|
| 300 |
|
|
|a 1 online resource (51 pages)
|
| 490 |
1 |
|
|a IMF Working Papers
|
| 500 |
|
|
|a <strong>Off-Campus Access:</strong> No User ID or Password Required
|
| 500 |
|
|
|a <strong>On-Campus Access:</strong> No User ID or Password Required
|
| 506 |
|
|
|a Electronic access restricted to authorized BRAC University faculty, staff and students
|
| 520 |
3 |
|
|a This paper uses a DSGE model with banks and financial frictions in credit markets to assess the medium-term macroeconomic costs of increasing capital and liquidity requirements. The analysis indicates that the macroeconomic costs of such measures are sensitive to the length of the implementation period as well as to the adjustment strategy used by banks, and the scope for monetary policy to respond to the regulatory changes.
|
| 538 |
|
|
|a Mode of access: Internet
|
| 700 |
1 |
|
|a Vlcek, Jan.
|
| 830 |
|
0 |
|a IMF Working Papers; Working Paper ;
|v No. 2011/103
|
| 856 |
4 |
0 |
|z Full text available on IMF
|u http://elibrary.imf.org/view/journals/001/2011/103/001.2011.issue-103-en.xml
|z IMF e-Library
|